000 00280nam a22001337a 4500
020 _a0-7214-1117-7
082 _a823
_bCOO/O
100 _aCOOLIDGE, SUSAN
245 _aWHAT KATY DID
260 _aUK
_bLADY BIRD
300 _a51
650 _aENGLISH SHORT STORY
_zUK
942 _cBK
999 _c1993
_d1993